|
|
|
|
| LEADER |
00000cam a2200000 a 4500 |
| 001 |
vtls001064288 |
| 003 |
SK-MaSNL |
| 005 |
20260302053549.0 |
| 008 |
250310s1989 xo 001 0 slo |
| 015 |
|
|
|a SNBA1991/04
|
| 020 |
|
|
|a 8007003428
|c 15,50 Kčs.
|
| 035 |
|
|
|a SNK000007117
|
| 035 |
|
|
|a urn:nbn:sk:snk-amlqzi
|
| 035 |
|
|
|a urn:nbn:sk:snk-am00c171
|
| 035 |
|
|
|a 799ED938-C5ED-4979-A6EC-F1DD7A280EBF
|
| 040 |
|
|
|a SNK
|b slo
|c SNK
|e AACR2
|
| 041 |
0 |
|
|a slo
|
| 044 |
|
|
|a xo
|c SK
|
| 080 |
|
|
|a 539.3/.4(075.8)(076.5)
|2 1981
|
| 100 |
1 |
|
|a Zvada, Daniel,
|d 1950-
|4 aut
|9 8382
|
| 245 |
1 |
0 |
|a Pružnosť a pevnosť
|b Príklady
|c Daniel Zvada, Ján Murín
|
| 250 |
|
|
|a 1. vyd.
|
| 260 |
|
|
|a Bratislava
|b Príroda
|a S.l.
|b VŠP v Nitre [vyd.]
|c 1989
|e Nitra
|f Nitrianske tlačiarne
|
| 300 |
|
|
|a 285 s., 19,20 AH
|b Tb. Sch.
|c 29 cm
|
| 366 |
|
|
|e 600 výtl.
|
| 500 |
|
|
|a Lit. 16. Schválil rektor VŠP v Nitre ako skriptum. 16 zázn. v slov., češ., poľ. a ruš.
|
| 650 |
0 |
7 |
|a pružnosť
|2 SNKPH
|9 1635
|
| 650 |
0 |
7 |
|a pevnosť
|2 SNKPH
|9 1636
|
| 650 |
0 |
7 |
|a príklady
|2 SNKPH
|9 30624
|
| 650 |
0 |
7 |
|a pružnosť a pevnosť
|2 SNKPH
|9 82754
|
| 655 |
|
7 |
|a učebnice vysokých škôl
|2 SNKPH
|9 70191
|
| 655 |
|
7 |
|a Textbooks (higher)
|2 SNKPHeng
|9 276436
|
| 700 |
1 |
|
|a Murín, Ján,
|d 1949-
|4 aut
|9 192427
|
| 919 |
|
|
|a 80-07-00342-8
|
| 958 |
|
|
|a OND
|
| 958 |
|
|
|a TL
|
| 958 |
|
|
|a NB
|
| 958 |
|
|
|a UV
|
| 958 |
|
|
|a EUIPO
|
| 999 |
|
|
|c 1109949
|d 1111879
|
| 952 |
|
|
|t P60, <04>, [BOOK], {604}
|a SNK
|b SNK
|y VYP
|7 0
|p 17A0051509
|o snkSB 47771 D1
|0 0
|1 0
|4 0
|d 1997-03-01
|l 0
|r 2004-12-31 00:00:00
|w 2026-02-24
|
| 952 |
|
|
|a SNK
|b SNK
|y PREZ
|7 0
|p 17A0873928
|o snkSB 47771
|0 0
|1 0
|4 0
|d 2012-07-10
|f 1
|l 0
|r 2025-02-13 00:00:00
|w 2026-02-24
|